Polityka innowacyjna - z doswiadczen krajów o rynkowym mechanizmie gospodarowania.
Predpoklady, podobnosti a rozdiely inovačnej politiky. Predpoklady regulačnej úlohy štátu v inovačnej politike. Inovačná politika vo vybraných krajinách: Francúzsko, SRN, V. Británia, USA, Japonsko, Holandsko, Grécko, Španielsko, Čína a Južná Kórea. Analýza inovačnej politiky a jej skúsenosti.
Gespeichert in:
| 1. Verfasser: | |
|---|---|
| Format: | Buchkapitel |
| Sprache: | Polnisch |
| Schlagworte: | |
| Tags: |
Keine Tags, Fügen Sie das erste Tag hinzu!
|
MARC
| LEADER | 00000naa a2200000 4500 | ||
|---|---|---|---|
| 001 | r008792 | ||
| 005 | 20221125122922.7 | ||
| 041 | 0 | |a pol | |
| 044 | |a PL | ||
| 245 | 1 | 0 | |a Polityka innowacyjna - z doswiadczen krajów o rynkowym mechanizmie gospodarowania. |c G. Osbert-Pociecha |
| 520 | |a Predpoklady, podobnosti a rozdiely inovačnej politiky. Predpoklady regulačnej úlohy štátu v inovačnej politike. Inovačná politika vo vybraných krajinách: Francúzsko, SRN, V. Británia, USA, Japonsko, Holandsko, Grécko, Španielsko, Čína a Južná Kórea. Analýza inovačnej politiky a jej skúsenosti. | ||
| 610 | 2 | 0 | |a inovácia |
| 610 | 2 | 0 | |a politika inovačná |
| 610 | 2 | 0 | |a politika hospodárska |
| 610 | 2 | 0 | |a hospodárstvo trhové |
| 610 | 2 | 0 | |a mechanizmus hospodársky |
| 610 | 2 | 0 | |a regulácia hospodárska |
| 100 | 1 | |a Osbert-Pociecha, G. | |